[Event "West Wales Open"]
[Site "Swansea"]
[Date "2019.10.12"]
[Round "2.8"]
[White "Haigh, Tony"]
[Black "Garcia, Jason"]
[Result "0-1"]
[WhiteElo "1761"]
[BlackElo "2050"]
[Annotator "kemen"]
[PlyCount "64"]
[EventDate "2019.10.12"]
[EventType "swiss"]
[EventRounds "5"]
[EventCountry "WLS"]

{[%evp 0,18,37,32,20,-11,25,-21,-6,3,25,33,34,41,97,79,106,61,65,35,35]} 1. d4
Nf6 2. Bg5 e6 3. c4 (3. e4 h6 4. Bxf6 Qxf6 5. Nc3 {main}) 3... c5 4. d5 exd5 5.
cxd5 d6 6. Nc3 g6 7. e4 Bg7 {and the Trompovsky has turned into a Modern
Benoni.} 8. Bb5+ (8. Nf3 {main}) 8... Bd7 9. Bxd7+ Nbxd7 10. Nge2 (10. Nf3 {
main}) 10... a6 (10... Qa5 11. O-O b5 12. Ng3 O-O 13. Bf4 b4 14. Nce2 Qb6 15.
Rc1 Ne8 16. b3 Nc7 17. Re1 Rfe8 18. Qc2 Nf6 {V Reid-Schweizer, Gibraltar
Masters 2011,0-1}) 11. a4 (11. O-O b5 12. f3 O-O 13. Qc1 Ne5 {Roydov-Stankov,
BUL ch sf 2012,0-1}) 11... O-O 12. O-O Re8 (12... Qc7 13. Qc2 Rab8 14. h3 Rfe8
15. f4 b5 16. axb5 axb5 17. Ng3 c4 18. Ra6 Nc5 19. Rc6 Qa7 20. Bxf6 Bxf6 21.
Kh2 Red8 22. e5 {Skvortsov-Nugaev, Chigorin mem 2006,1-0}) 13. Qc2 (13. f3 $11
{Komodo13}) 13... Rc8 $15 14. Rab1 Qa5 15. Bf4 Ne5 16. h3 b5 17. axb5 axb5 18.
Ng3 Nfd7 19. f3 c4 (19... b4 20. Nd1 c4 $17 {Komodo13}) 20. Be3 Nc5 21. f4 (21.
Ra1 Qb6 22. Nh1 Qb7 23. Nf2 b4 $17 {Komodo13}) 21... Ned3 $19 22. f5 {
conceding more bl squares} (22. e5 $5) 22... Be5 23. fxg6 fxg6 24. Nge2 Nb3 (
24... b4 $19 {is the move Komodo13 has been angling for a while}) 25. Nf4 (25.
g3) 25... Nxb2 (25... Bxf4 26. Rxf4 (26. Bxf4 b4 27. Nd1 Rxe4) 26... Nxf4 27.
Bxf4 b4 28. Ne2 Na1 29. Qd1 Rxe4 $19 {Komodo13}) 26. Qxb2 Bxc3 (26... Qxc3 $19
{Komodo13 & Fritz13 SE}) 27. Qf2 Rf8 $17 28. Qg3 Be5 29. Qg4 Bxf4 (29... Qc3
$19 {Komodo13}) 30. Qe6+ $18 Kh8 31. Rxf4 Qc3 (31... Rce8 {is considered a
save by Fritz13 SE; Komodo13 has other ideas} 32. Rxf8+ Rxf8 33. Qxd6 Qd8 34.
Qe5+ Qf6 35. Qxf6+ Rxf6 36. e5 $18) 32. Qxd6 $2 (32. Rxf8+ Rxf8 33. Bh6 $18 {
Komodo13}) 32... Qxe3+ $19 0-1

[Event "West Wales Open"]
[Site "Swansea"]
[Date "2019.10.12"]
[Round "2.9"]
[White "Denham-Kennedy, Colin"]
[Black "McCarthy, Maurice"]
[Result "0-1"]
[WhiteElo "1656"]
[BlackElo "1980"]
[Annotator "kemen"]
[PlyCount "48"]
[EventDate "2019.10.12"]
[EventType "swiss"]
[EventRounds "5"]
[EventCountry "WLS"]

{[%evp 0,14,39,30,28,28,27,9,13,2,8,-12,-6,-5,-5,-9,-2]} 1. Nf3 d5 2. d4 Nf6 3.
e3 g6 {breaks the power of the Colle B} 4. Nbd2 Bg7 5. c4 O-O 6. cxd5 Nxd5 7.
Bc4 {now it's a kind of Gruenfeld} Nc6 $146 (7... Nb6 {main}) 8. a3 e5 $15 {
Bl is better developed already} 9. dxe5 Nb6 10. Ba2 Nxe5 (10... Qd3 {Cloud
Engines}) 11. Nxe5 Bxe5 12. O-O Qf6 {this gives Wh tactical chances} (12... Re8
) (12... Bg7) 13. Rb1 (13. f4 {Komodo13} Bxb2 14. Ne4 Qe7 (14... Qg7 15. Bxb2
Qxb2 16. Rf2 Qg7 17. Rc1 Bd7 (17... c6 18. Nc5 $14 {now Bl is having some
problems with development}) 18. Rxc7 Rae8 19. Nc5 Bc6 20. Ne6 Rxe6 21. Bxe6 Qf6
22. Bb3 Na8 23. Rxc6 Qxc6 24. Rc2 $14 {Komodo13}) 15. Bxb2 Qxe4 16. Bd4 Nd5 17.
Qb3 c6 18. Rac1 $16 {Komodo13}) 13... Rd8 (13... Qe7 $11 {safest}) 14. f4 Bd6
15. Ne4 Qe7 16. Nxd6 (16. Ng5 $14 {Komodo13, gives Wh good chances; with 2
raking Bs & Bl playing 2 Q side pieces down} Rf8 (16... Bxf4 17. Qb3 Bxg5 18.
Rxf7 Qe4 19. Re7+ Qc4 20. Qxc4+ Nxc4 21. Bxc4+ Kh8 22. b4 Bf6 23. Bb2 Bxb2 24.
Rxb2 $16) 17. b4 h6 18. Qd3 Kg7 19. e4 hxg5 20. Bb2+ Kh7 (20... f6 21. e5 gxf4
22. exd6 Qxd6 23. Qf3 Bd7 24. Rbd1 Bc6 25. Qg4 $16)) 16... Rxd6 $17 {Bl can
now develop freely & target e3} 17. Qf3 Bf5 18. Ra1 Be4 (18... Bd3 19. Re1 Be4
20. Qf2 Na4 $19 {Komodo13}) 19. Qg3 Rad8 20. b3 (20. Qg5 Qe8 21. b4 Na4 22. Qe5
Qc6 $19 {Komodo13}) 20... Qf6 $19 21. Rb1 Bxb1 (21... Rd1 {even stronger-
Komodo13}) 22. Bxb1 Qc3 (22... Rd1) (22... Qa1) 23. f5 Rd1 24. Qf2 Qxc1 {
the B never made it out} 0-1

[Event "West Wales Open"]
[Site "Swansea"]
[Date "2019.10.12"]
[Round "2.10"]
[White "Thomas, Roy"]
[Black "Hilton, Tim"]
[Result "0-1"]
[WhiteElo "1696"]
[BlackElo "1868"]
[Annotator "kemen"]
[PlyCount "52"]
[EventDate "2019.10.12"]
[EventType "swiss"]
[EventRounds "5"]
[EventCountry "WLS"]

{[%evp 0,11,16,-17,-11,-22,2,-10,-10,1,11,1,12,-26]} 1. f4 g6 2. Nf3 Bg7 3. e4
(3. e3) (3. g3) 3... d5 4. e5 Bg4 5. d4 e6 6. Bb5+ $146 {6 alternatives played}
(6. h3 {Cloud Engines}) 6... c6 7. Be2 Bxf3 8. Bxf3 c5 9. c3 (9. dxc5 {Fritz13
& Komodo13}) 9... Qb6 10. Na3 (10. dxc5 $16 {Komodo13}) 10... Nc6 11. Nc2 cxd4
12. Nxd4 Nxd4 13. cxd4 (13. Qxd4) 13... Ne7 $15 14. b3 Nf5 (14... f6 $17 {
both Engines}) 15. Bb2 h5 16. Qd3 Rc8 17. O-O Bh6 (17... O-O $15) 18. g4 $6 {
exposes the Wh K} (18. Rac1 O-O 19. g3 $11 {Komodo13}) 18... hxg4 19. Bxg4 Kd7
$17 20. Bxf5 gxf5 21. Ba3 {the Wh B has no targets} Qa5 22. Bc5 b6 (22... Rcg8+
23. Kh1 Rg4 $19 {both Engines}) 23. b4 Qa4 24. Bd6 Rc4 (24... Qc2 $19 {Komodo13
}) 25. Qh3 Qc2 26. Qa3 Rg8+ 0-1

[Event "West Wales Open"]
[Site "Swansea"]
[Date "2019.10.12"]
[Round "2.11"]
[White "Buttell, David"]
[Black "Jukes, Sam"]
[Result "0-1"]
[WhiteElo "1828"]
[BlackElo "1897"]
[Annotator "kemen"]
[PlyCount "128"]
[EventDate "2019.10.12"]
[EventType "swiss"]
[EventRounds "5"]
[EventCountry "WLS"]

{[%evp 0,20,20,20,37,3,4,4,0,-23,10,3,4,2,13,12,13,9,13,13,12,11,14]} 1. d4 Nf6
2. c4 e6 3. Nf3 d5 4. g3 c6 5. Bg2 Nbd7 6. O-O Be7 7. Nbd2 (7. Qc2 {main}) 7...
O-O 8. b3 b6 9. Bb2 Bb7 10. Rc1 a5 (10... Rc8 {main}) 11. Qc2 (11. Ne5 {also})
11... Qb8 {Stockfish9} (11... a4 {0.5-2.5}) 12. Rfd1 a4 13. e3 (13. e4 $14 {
Stockfish9, 0.5-1.5}) (13. Ne1 $14 {Komodo13}) 13... a3 (13... c5 $11 {Komodo13
}) 14. Ba1 Rc8 15. Qb1 (15. e4) 15... c5 16. dxc5 Bxc5 17. cxd5 Bxd5 18. Qd3
Qb7 19. Nh4 (19. e4 $16 {Komodo13} Bc6 (19... Bxe4 20. Nxe4 Qxe4 21. Qf1 Qg4 (
21... Qg6 22. Nh4) 22. Bxf6 Nxf6 23. Ne5 Qf5 24. Bxa8 Rxa8 25. Qe2 $16) (19...
Nxe4 20. Nxe4 Bxe4 21. Ng5 $18 Bxd3 22. Bxb7 Bxf2+ 23. Kxf2 Rxc1 24. Rxc1 Rb8
25. Be4) 20. Qe2 h6 21. Nd4 e5 22. Nf5 $18 {Komodo13}) 19... Bxg2 20. Nxg2 b5
$11 21. Nh4 (21. Ne1 $11) 21... h6 22. Nhf3 Be7 23. Nd4 Rxc1 24. Rxc1 Rc8 25.
Qf1 (25. Rxc8+ Qxc8 26. Qc2 $11 {Komodo13}) 25... Bb4 26. Nb1 Rxc1 27. Qxc1 Ne5
$15 28. Qc2 (28. f4) 28... Ne4 (28... Nf3+ 29. Nxf3 Qxf3 30. Nc3 Ng4 31. Qe2
Qf6 32. Qxg4 Bxc3 33. Bxc3 Qxc3 34. Qe2 Qb2 35. Kf1 g6 $15 {Komodo13- but
looks very drawish}) 29. h3 {loosens the Wh K side, which should be fatal} (29.
f4 Ng4 30. Qc6 Qxc6 31. Nxc6 Bf8 32. b4 Nxe3 33. Nxa3 $14 {Komodo13 &
Stockfish10}) 29... Be1 $19 (29... Bc5 30. Kf1 b4 $19 {Komodo13}) (29... Ng5 $1
$19 {Komodo13 & Stockfish10} 30. e4 (30. Nc6 Nxc6 31. f4 Nf3+ 32. Kf1 Ncd4 $19)
30... Nxe4 31. f4 Nxg3 32. fxe5 Qh1+ 33. Kf2 Nf5 34. Nf3 g5 35. Qc8+ Kg7 36.
Bc3 Be7 37. Nbd2 Qxh3 $19 {Komodo13}) 30. f4 Nxg3 $1 (30... Bf2+ 31. Kg2 Bxe3
32. fxe5 Bxd4 $19 33. Bxd4 Nd2+ 34. Kf2 Qf3+ 35. Ke1 Nxb1 $19 {also- Komodo13})
31. Qg2 Qc7 (31... Qc8 {prevents a backrank ch}) 32. fxe5 (32. Qa8+ Kh7 33. Qg2
g6 34. fxe5 Qc1 35. Qf3 Nf5 36. Qf1 Qxe3+ 37. Kg2 Qe4+ 38. Kg1 Qxb1 $19 {
Komodo13}) 32... Qc1 33. Qc2 Qxe3+ 34. Kg2 Nh5 $1 {Komodo13} (34... b4 $1 {
Stockfish10, also noted by Komodo13}) 35. Nxa3 (35. Nf5 {also given by
Stockfish10} Qg5+ 36. Kf1 Bb4 37. Bc3 Bxc3 38. Nxc3 exf5 $19 {Komodo13}) 35...
Nf4+ 36. Kf1 Bg3 {the least effective B move though} (36... Bb4) (36... Ba5) (
36... Bd2 $1 {cutting off the Q & forcing her loss-Komodo13 & Stockfish10}) 37.
Bc3 Nd5 (37... Nxh3 $1 38. Naxb5 (38. Kg2 Bh4 39. Ne2 Nf2 40. Ng1 Qg3+ 41. Kf1
Ng4 42. Bd4 Qf4+ 43. Kg2 Qxd4 $19) 38... Qg1+ 39. Ke2 Qf2+ 40. Kd3 (40. Kd1
Qf1+ 41. Kd2 Qe1+) 40... Qf1+ 41. Ne2 Nf4+ 42. Kc4 Nxe2 $19 {Komodo13}) 38. Qe2
Qc1+ (38... Qxc3 $19 {is simpler}) 39. Be1 Qf4+ {Bl has lost the thread, both
sides in time pressure} (39... Ne3+ $1 40. Kg1 Bxe1 41. Kh2 b4 42. Nac2 Nxc2
43. Nxc2 Bc3 $19) (39... Bxe1 40. Qxe1 Qxa3 $19 {is good enough}) 40. Nf3 (40.
Qf3 $1 {Wh misses a chance} Qxd4 41. Qxg3 Qc5 42. Nb1 Ne3+ 43. Ke2 Nf5 44. Qc3
Qd5 45. Nd2 $16) 40... Bxe1 41. Kxe1 Qc1+ 42. Kf2 Qc5+ (42... Qxa3 $1 $19 {
Komodo13}) 43. Kf1 (43. Kg3 Qxa3 44. Qxb5 Ne3 (44... g6 $17) (44... Qxa2 45.
Qe8+ Kh7 46. Qxf7 Qxb3 47. Qxe6 $11) 45. Qe2 Nf5+ 46. Kh2 Qc5 $17 {Komodo13})
43... Qxa3 44. Qxb5 Qc1+ $19 45. Ne1 Qf4+ 46. Kg1 Qg3+ (46... Qe3+ 47. Kf1
Qxh3+) 47. Ng2 Nf4 48. Qf1 Nxh3+ (48... g5) 49. Kh1 Nf2+ (49... Qxe5) 50. Kg1
Ng4 51. Qf4 Qh3 52. b4 {hoping to get some play, but Wh's K is still a problem}
g5 53. Qd4 (53. Qe4 $5) 53... Qh2+ (53... Qg3) 54. Kf1 Qh1+ 55. Qg1 Nh2+ (55...
Qh3 {Komodo13} 56. Ke2 Qg3 57. Kd1 h5 $19 (57... Qd3+ 58. Kc1 Qc4+ $19)) 56.
Kf2 Qxg1+ 57. Kxg1 Nf3+ 58. Kf2 Nxe5 59. b5 Kf8 60. a4 Nc4 {Bl has more pawns,
& Wh's Q side ones are easily stopped} (60... Ke7) 61. Ne3 Nxe3 62. b6 Ng4+ 63.
Kg1 Ne5 64. a5 Nd7 0-1

[Event "West Wales Open"]
[Site "Swansea"]
[Date "2019.10.12"]
[Round "2.12"]
[White "Phillips, William"]
[Black "Whitehead, Mark A"]
[Result "1/2-1/2"]
[WhiteElo "1893"]
[BlackElo "1847"]
[Annotator "kemen"]
[PlyCount "48"]
[EventDate "2019.10.12"]
[EventType "swiss"]
[EventRounds "5"]
[EventCountry "WLS"]

1. d4 Nf6 2. Nf3 e6 3. Bg5 Be7 4. c4 d5 (4... b6) 5. Nc3 O-O 6. e3 h6 7. Bh4
Nbd7 8. Bd3 (8. Rc1 {holds up c5 by Bl}) 8... dxc4 9. Bxc4 c5 10. O-O cxd4 11.
exd4 (11. Nxd4) 11... Nb6 {main} (11... Nd5 12. Bxe7 Nxe7 13. Rc1 Nb6 14. Bb3
Nbd5 15. Re1 b6 16. Qd3 Bb7 17. Bc2 Nf6 {Phillips-Penny, Welsh Seniors ch 2019,
0-1} (17... Nf5 $15)) 12. Bb3 Nbd5 (12... Bd7) 13. Nxd5 Nxd5 14. Bxe7 (14. Bg3
b6 15. Ne5 Bb7 {0.5-2.5}) 14... Nxe7 15. Qe2 (15. Qd3 Nd5 16. Bc2 g6 17. a3 Kg7
18. g3 b6 19. Ne5 Ne7 20. Qd2 Bb7 21. Rfe1 Nc6 (21... Nf5 $15) 22. Be4 $14 {
Kljako-Golub, Zadar op 2018,1-0}) 15... b6 16. Qe4 Ba6 (16... Rb8) 17. Rfe1 Qd6
18. Bc2 g6 19. Rad1 Bc4 20. a3 Bd5 21. Qh4 (21. Qe5) 21... Kg7 (21... Bxf3 22.
gxf3 Rac8 (22... Kg7 23. Qg3 Rad8 $17) 23. Bb3 Nf5 $17 {Komodo13}) 22. Ne5 Nf5
(22... Rac8 $15) 23. Qh3 Rac8 24. Bb1 Rc7 $15 {(draw?)} (24... Rfd8 $15)
1/2-1/2

[Event "West Wales Open"]
[Site "Swansea"]
[Date "2019.10.12"]
[Round "2.13"]
[White "Hare, Roy T"]
[Black "Guy, David"]
[Result "1/2-1/2"]
[WhiteElo "1672"]
[BlackElo "1891"]
[Annotator "kemen"]
[PlyCount "94"]
[EventDate "2019.10.12"]
[EventType "swiss"]
[EventRounds "5"]
[EventCountry "WLS"]

1. e4 c5 2. Nf3 d6 3. Bc4 e6 4. d4 (4. O-O) (4. Nc3) (4. d3) 4... cxd4 5. Nxd4
Nc6 6. Be3 Nf6 7. Nc3 Be7 8. Nxc6 {uncommon, strenfthens Bl's centre control &
the b file is useful} (8. Qe2) (8. Bb3) (8. O-O) 8... bxc6 9. Bd3 {loses a
tempo} (9. O-O) 9... e5 (9... d5 {0.5-3.5}) 10. O-O O-O 11. h3 (11. f4 $5)
11... Be6 (11... d5 {1-2}) 12. Ne2 (12. f4 Bc8 13. Qf3 Bb7 14. Rad1 Qc7 15.
fxe5 dxe5 16. Bc4 a6 17. g4 {Muratet Carmona- Bienvenido Kleque, Barcelona
Sant Marti 2014,1-0}) 12... d5 13. Ng3 Qc8 (13... d4 14. Bg5 Nd7 15. Bd2 Bg5
16. f4 exf4 17. Bxf4 Bxf4 18. Rxf4 Qg5 19. Qf3 Ne5 20. Qf2 c5 $17 {
Koseki-Cichocka, Olsztn op 2010,0-1}) 14. Qf3 Rd8 15. Nf5 Bxf5 16. Qxf5 Qxf5
17. exf5 h6 $15 18. Rfe1 Bd6 (18... e4 19. Ba6 d4 20. Bc1 Rab8 $15 {Komodo13})
19. Rf1 d4 20. Bd2 Rab8 21. b3 e4 22. Be2 Bc5 $17 23. g4 e3 (23... Nd5) 24. Be1
Nd5 25. f3 Nf4 $19 (25... d3 26. Bxd3 (26. cxd3 Nf4 {wins a B}) 26... e2+ 27.
Rf2 Nf4 28. Kh2 Bxf2 (28... Re8) 29. Bxf2 Nxd3 30. cxd3 Rxd3 31. Re1 Re8 $19 {
Komodo13}) 26. Bd3 Nxh3+ (26... e2 27. Rf2 Nxh3+ $19 {is stronger}) 27. Kh2 Ng5
(27... Nf4) 28. Bg3 Bd6 (28... Rb7) 29. f4 Nh7 30. Kg2 Re8 31. Rae1 c5 (31...
Nf6 32. Kf3 Nd5 {Komodo13}) 32. Rh1 Rb6 33. Kf3 Bc7 34. Re2 $11 {Bl has a
protected passed pawn, but no way in for his pieces (also his B is very bad)}
f6 35. Rh3 Kf8 36. Bh4 Bd6 37. g5 $6 fxg5 38. fxg5 Nxg5+ (38... hxg5 39. Be1
Nf6 $19 {Komodo13}) 39. Bxg5 hxg5 $19 40. Rg2 Be7 (40... Bf4 $1 {Komodo13}) 41.
Rh5 Bf6 (41... Rh6 $19) 42. Rh8+ Ke7 43. Rxe8+ Kxe8 44. Rh2 Ke7 45. Rh8 Rb7 (
45... Be5 46. Ke4 Rb8 47. Rxb8 Bxb8 {Komodo13- & Bl has the 2 passed pawns
needed to win in an opposite colour B ending. though Komodo13 fails that Wh
can just leave the K on e4 & move his B up and down. Or head for g4 with the K
.}) 46. Be4 Rc7 47. Rb8 Kd6 (47... g4+ $1 {gives Bl entry space for the K} 48.
Kg2 (48. Ke2 Kd6 49. Re8 Be7 50. Rg8 Ke5 51. Bd3 Bf6 52. Re8+ Kf4 53. Re4+ Kg3
54. Kf1 Kf3 55. Re8 Bh4 56. Be2+ Kf4 57. Bd3 Rf7 58. Rc8 Kg3 59. Kg1 Kf3 60.
Re8 g3 $19 {Komodo13}) 48... Kd6 (48... Be5 49. Bd3 Kf6 50. Re8 Re7 51. Rxe7
Kxe7 52. Be2 g3 53. Bc4 Kf6 54. Bd3 Kg5 55. a4 a5 56. Kf3 Bc7 57. Kg2 Kf4 58.
Kf1 Kf3 59. Be2+ Ke4 60. Bd3+ Ke5 61. Kg2 Kf6 62. Kf3 Kg5 63. Kg2 Kg4 {Zugzwang
}) 49. Re8 c4 (49... Re7 {similar to the above}) 50. bxc4 (50. Re6+ Kc5 51. Ra6
Kb4 {and the K wanders in the other way}) 50... Rxc4 51. Bd3 Ra4 52. Re6+ Kc5
53. Kg3 Rxa2 {and with an activated R & distant passed pawn , it's an easier
win for Bl}) 1/2-1/2

[Event "West Wales Open"]
[Site "Swansea"]
[Date "2019.10.12"]
[Round "2.14"]
[White "Bevan, Peter M"]
[Black "Marin Marin, Francisco Javier"]
[Result "0-1"]
[WhiteElo "1889"]
[BlackElo "1767"]
[Annotator "kemen"]
[PlyCount "92"]
[EventDate "2019.10.12"]
[EventType "swiss"]
[EventRounds "5"]
[EventCountry "WLS"]

{[%evp 0,13,30,-12,12,16,13,8,6,10,10,-5,-5,-29,1,-1]} 1. c4 c5 2. Nc3 Nc6 3.
g3 g6 4. Bg2 Bg7 5. a3 Nf6 6. e3 (6. Rb1 {main-looks logical after the
previous move}) 6... e6 (6... O-O) 7. b4 (7. Nge2 {main}) 7... cxb4 (7... d5
$15 {Komodo13}) 8. axb4 Nxb4 9. d4 (9. Ba3 $14 Nd3+ (9... Bf8 10. d4 Nc6 11.
Bxf8 Kxf8 12. d5 $14 {Komodo13}) 10. Ke2 Ne5 11. Qa4 Nc6 12. Nb5 Bf8 13. Nd6+
Bxd6 14. Bxd6 Ne7 15. Rb1 Nf5 16. Ba3 $18 {Rumph-Niemann, San Francisco TNM
Summer op 2013,1-0}) 9... d5 (9... a5 10. Ba3 Ra6 11. Nf3 d5 12. O-O O-O 13.
Ne5 $14 {Komodo13}) 10. Qa4+ (10. Ba3 $16) 10... Nc6 11. Ba3 a6 (11... Bd7 12.
Nb5 Bf8 13. Bd6 Bxd6 14. Nxd6+ Ke7 15. Nxb7 Qb6 16. Nc5 Qb4+ 17. Qxb4 Nxb4 18.
Kd2 Bc6 $11 {Komodo13}) 12. Nge2 Bd7 13. cxd5 Nxd5 (13... exd5 $14) 14. Nxd5
Nxd4 $5 (14... exd5 15. Qb3 Na5 16. Qxd5 Bc6 17. Qxd8+ Kxd8 18. Bxc6 Nxc6 19.
Bc5 Kc7 $14 {Komodo13}) 15. Qd1 Nxe2 16. Be7 Qc8 17. Bf6 exd5 (17... Nc3 18.
Qd4 Nxd5 19. Bxg7 Rg8 20. O-O Bc6 21. Rfd1 $16 {Komodo13}) 18. Bxg7 Rg8 19.
Qxd5 (19. Bb2 $18 {Komodo13-Bl remains with horrible weaknesses on all the bl
squares (as well as a not very good B with all the pawns on its colour)} Nc3
20. Qb3 Ne4 21. O-O (21. Bxe4) (21. Qxd5 Bc6 22. Qd4 Qf5 23. O-O Rd8 24. Qb4
Qb5 25. Qxb5 axb5 26. Bxe4 Bxe4 27. Bf6 Rc8 28. f3 Bc6 29. Rad1 $14 {but Bl
still has to dig his R out from g8}) 21... Bc6 22. Bxe4 dxe4 23. Ra5 b5 24. Rc1
$18 {Komodo13}) 19... Rxg7 $17 20. Kxe2 Bb5+ 21. Kd2 {now it's the Wh K in
danger} Qc7 (21... Qd8 22. Qxd8+ Rxd8+ 23. Kc3 f5 24. Rhd1 Rc7+ 25. Kb3 Rxd1
26. Rxd1 Ke7 $17 {Komodo13- but Wh will find it difficult to hold the endgame
against the 2 connected pawns}) 22. Rhc1 Qe7 {Wh now has a resource available}
(22... Qd8) 23. Qc5 (23. Qxb5+ $1 axb5 (23... Kf8 24. Qxb7 Qxb7 25. Bxb7 Ra7
26. Bxa6 $18) 24. Bc6+ $1 (24. Rxa8+ Kd7 25. Ra7 Qb4+ $17) 24... Kd8 (24...
bxc6 25. Rxa8+ Kd7 26. Ra7+ Kd8 27. Rxe7 Kxe7 28. Rxc6 Rg8 $11) 25. Rxa8+ Kc7
26. Bxb5+ Kd6 27. Ke2 f5 28. Rd1+ Kc5 29. Rc8+ Kb6 30. Rb1 $11 {Komodo13, the
Bl k keeps getting checked}) (23. Qxb7 Rd8+ $19) 23... Rd8+ (23... f6) 24. Ke1
Qxc5 25. Rxc5 f5 (25... f6) 26. Rac1 Rdd7 (26... Rgd7) 27. Rc8+ Ke7 28. Rb8 Kf6
29. h4 Rge7 (29... Bd3 30. Rc3 Be4) 30. Rcc8 Bd3 31. Rd8 Be4 (31... Rxd8 32.
Rxd8 Be4) 32. Rxd7 Rxd7 33. Bxe4 fxe4 34. Re8 Re7 35. Rf8+ Ke6 36. Rc8 Kd5 37.
Rd8+ Kc5 38. Ke2 b5 $19 (38... a5 $19) 39. f3 exf3+ 40. Kxf3 Rb7 (40... a5) 41.
Rc8+ Kd6 42. Ke4 b4 43. Kd4 b3 44. Rc1 b2 45. Rb1 a5 46. Kc3 Ke5 0-1